000 00294nam a22001217a 4500
008 180802b xxu||||| |||| 00| 0 eng d
082 _a813.52
245 _aThe new Testament: An Introduction
_cNamer,E.M
260 _c1992
300 _a4
_fCassette
440 _x18008322412
942 _2ddc
_cMX
999 _c46728
_d46728